00689nam a2200181 i 450000100060000000300090000600500170001500700030003200800410003510000370007624501090011326000510022230000320027370000310030585200320033699900170036895201220038570462ES-MaACL20230906170826.0t|040726s1965 sp ||||1| spa d1 aGarcía Ulecia, Alberto.95534910aTorofuente b: (auto de sangre y patria oscura) / cAlberto García Ulecia ; 15 dibujos de Juan Romero. a[Sevilla : bs.n., c1965] (fGráf. del Sur) a19 p., 10 lám. ; c30 cm.1 aRomero, Juan, eil.999336 aES-MaACLjC-27515 bR.56551 c70462d70462 00104070aATENEOMbATENEOMcDEPO2d2008-01-17eSCl0oC-27515p1073783r2023-02-23 00:00:00w2023-02-23yMONOGRAFIA